Ciel ouvert ou porte fermée (notice n° 1667337)

détails MARC
000 -LEADER
fixed length control field 01305cam a2200217 4500500
005 - DATE AND TIME OF LATEST TRANSACTION
control field 20260222003249.0
041 ## - LANGUAGE CODE
Language code of text/sound track or separate title fre
042 ## - AUTHENTICATION CODE
Authentication code dc
100 10 - MAIN ENTRY--PERSONAL NAME
Personal name Merle-Béral
Relator term author
245 00 - TITLE STATEMENT
Title Ciel ouvert ou porte fermée
260 ## - PUBLICATION, DISTRIBUTION, ETC.
Date of publication, distribution, etc. 2013.<br/>
500 ## - GENERAL NOTE
General note 31
520 ## - SUMMARY, ETC.
Summary, etc. Le débat sur le huis clos en gériatrie reste ouvert. Il convient de dépasser certaines positions moralisatrices qui visent à le pourchasser. On en démontre les abus, voire une forme de maltraitance et on dénonce sa toxicité par rapport au travail de l’équipe soignante. Toutefois, le huis clos peut avoir le droit d’exister dans certains cas, plus fréquents qu’on ne le pense. Il convient d’en réhabiliter le bon usage s’il est le seul recours pour que la situation reste vivable pour le sujet âgé et sa famille lors de certains événements graves, et de le reconsidérer comme capable de rendre un minimum d’espace privé et intime à un malade qui est déjà en état de vulnérabilité et de perte identitaire.
690 ## - LOCAL SUBJECT ADDED ENTRY--TOPICAL TERM (OCLC, RLIN)
Topical term or geographic name as entry element déni
690 ## - LOCAL SUBJECT ADDED ENTRY--TOPICAL TERM (OCLC, RLIN)
Topical term or geographic name as entry element huis clos
690 ## - LOCAL SUBJECT ADDED ENTRY--TOPICAL TERM (OCLC, RLIN)
Topical term or geographic name as entry element mensonge
690 ## - LOCAL SUBJECT ADDED ENTRY--TOPICAL TERM (OCLC, RLIN)
Topical term or geographic name as entry element paradoxe
690 ## - LOCAL SUBJECT ADDED ENTRY--TOPICAL TERM (OCLC, RLIN)
Topical term or geographic name as entry element refus de savoir
786 0# - DATA SOURCE ENTRY
Note Empan | 91 | 3 | 2013-09-01 | p. 78-81 | 1152-3336
856 41 - ELECTRONIC LOCATION AND ACCESS
Uniform Resource Identifier <a href="https://shs.cairn.info/revue-empan-2013-3-page-78?lang=fr&redirect-ssocas=7080">https://shs.cairn.info/revue-empan-2013-3-page-78?lang=fr&redirect-ssocas=7080</a>

Pas d'exemplaire disponible.

PLUDOC

PLUDOC est la plateforme unique et centralisée de gestion des bibliothèques physiques et numériques de Guinée administré par le CEDUST. Elle est la plus grande base de données de ressources documentaires pour les Étudiants, Enseignants chercheurs et Chercheurs de Guinée.

Adresse

627 919 101/664 919 101

25 boulevard du commerce
Kaloum, Conakry, Guinée

Réseaux sociaux

Powered by Netsen Group @ 2025